Teams That Have Beaten Ohio State Since 2012 - Statistics

General Stats
  • This quiz has been taken 99 times
    16 since last reset
  • The average score is 17 of 21
Answer Stats
Date Postseason Home/Away Ohio State's Ranking Opponent's Ranking Score Answer % Correct
12/31/22 Peach Bowl/CFP Semifinal Neutral Site 4 1 42-41 Georgia
100%
1/11/21 CFP National Championship Neutral Site 3 1 52-24 Alabama
92%
12/6/25 Big Ten Championship Game Neutral Site 1 2 13-10 Indiana
92%
11/27/21 Away 2 5 42-27 Michigan
92%
11/26/22 Home 2 3 45-23 Michigan
92%
11/25/23 Away 2 3 30-24 Michigan
92%
11/30/24 Home 2 Unranked 13-10 Michigan
92%
9/11/21 Home 3 12 35-28 Oregon
92%
10/12/24 Away 2 3 32-31 Oregon
92%
11/4/17 Away 6 Unranked 55-24 Iowa
85%
12/31/25 Cotton Bowl/CFP Quarterfinal Neutral Site 2 10 24-14 Miami
85%
10/22/16 Away 2 Unranked 24-21 Penn State
85%
1/3/14 Orange Bowl Neutral Site 7 8 40-35 Clemson
77%
12/31/16 Fiesta Bowl/CFP Semifinal Neutral Site 3 2 31-0 Clemson
77%
12/28/19 Fiesta Bowl/CFP Semifinal Neutral Site 2 3 29-23 Clemson
77%
9/7/13 Big Ten Championship Game Neutral Site 2 10 34-24 Michigan State
69%
11/21/15 Home 3 9 17-14 Michigan State
69%
12/29/23 Cotton Bowl Neutral Site 7 9 14-3 Missouri
69%
10/20/18 Away 2 Unranked 49-20 Purdue
69%
9/9/17 Home 2 5 31-16 Oklahoma
46%
9/6/14 Home 8 Unranked 35-21 Virginia Tech
46%
No matching quizzes found
Score Distribution
Percent of People with Each Score
Percentile by Number Answered
Your Score History
You have not taken this quiz since the last reset